Landkreise in Sachsen - Sudden Death - Statistiken

Allgemein
  • Dieses Quiz wurde 82 mal gespielt
  • Das Durchschnittsergebnis liegt bei 7 aus 10
Answers on the Grid
Answers color-coded by a green-red scale on the quiz's grid according to % correct below.
Leipzig
Pirna
Vogtland
Plauen
Bautzen
Hoyerswerda
Görlitz
Muldekreis
Zwickau
Freiberg
Mittelsachsen
Riesa
Südsachsen
Erzgebirgskreis
Kamenz
Delitzsch
Meißen
Altenburg
Oberlausitz
Sächsische Schweiz-Osterzgebirge
Nordsachsen
 
Antwortstatistiken
Antwort % Korrekt
Leipzig
75%
Bautzen
71%
Vogtland
69%
Sächsische Schweiz-Osterzgebirge
68%
Erzgebirgskreis
66%
Görlitz
66%
Meißen
64%
Mittelsachsen
63%
Zwickau
63%
Nordsachsen
61%
Keine übereinstimmenden Quizze gefunden
Verteilung der Resultate
Anzahl Personen mit jedem Resultat
Perzentil nach korrekt beantworteten Fragen
Ihre Resultats-Entwicklung
Sie haben dieses Quiz noch nicht gespielt